| 000 -LEADER |
| fixed length control field |
00549nam a22001577a 4500 |
| 020 ## - INTERNATIONAL STANDARD BOOK NUMBER |
| ISBN |
9786214092222 |
| 082 ## - DEWEY DECIMAL CLASSIFICATION NUMBER |
| Classification number |
510 |
| Item number |
Ad2215 2023 |
| 100 ## - MAIN ENTRY--AUTHOR NAME |
| Personal name |
Adao, Donnalyn S., author. |
| 245 ## - TITLE STATEMENT |
| Title |
Advanced mathematics : senior high school / Donnalyn S. Adao, LPT, Shiela A. Chavez, PhD. |
| 260 ## - PUBLICATION, DISTRIBUTION, ETC. (IMPRINT) |
| Place of publication |
Mandaluyong City : |
| Name of publisher |
Books Atbp. Publishing Corp., |
| Year of publication |
©2023. |
| 300 ## - PHYSICAL DESCRIPTION |
| Number of Pages |
97 pages : |
| Other physical details |
illustrations ; 23 cm |
| 500 ## - GENERAL NOTE |
| General note |
Includes bibliographical references. |
| 650 ## - SUBJECT ADDED ENTRY--TOPICAL TERM |
| Topical Term |
Mathematics -- Study and Teaching. |
| 700 ## - ADDED ENTRY--PERSONAL NAME |
| Personal name |
Chavez, Shiela A. |
| 942 ## - ADDED ENTRY ELEMENTS (KOHA) |
| Koha item type |
Books |